| 000 | 01204cam a2200385Ia 4500 | ||
|---|---|---|---|
| 001 | 93434 | ||
| 005 | 20230410132922.0 | ||
| 008 | 950113m19779999sp 000 0 spa d | ||
| 035 | _a(OCoLC)ocm31810109 | ||
| 040 |
_aPBR _cPBR _dOCLCQ _dBAKER _dYDXCP _dOCLCG |
||
| 020 | _a8424935217 | ||
| 020 | _a9788424935214 | ||
| 035 | _a(OCoLC)31810109 | ||
| 041 | 1 |
_aspa _hgrc |
|
| 050 | 1 | 4 |
_aB 171 _bB582 1977 |
| 049 | _aGRAL | ||
| 100 | 0 | _aJuliano. | |
| 130 | 1 | _aBiblioteca Clásica Gredos. | |
| 245 | 1 | 0 |
_aDiscursos : _bI-V / _cJuliano ; introducción, traducción y notas de José García Blanco. |
| 260 |
_aMadrid : _bGredos, _c1977 |
||
| 300 | _a350 p. ; 20 cm. | ||
| 440 | 0 |
_aBiblioteca clásica Gredos ; _vn.17 |
|
| 505 | 1 | _aDiscursos I-V | |
| 500 | _aTranslated from the Greek. | ||
| 650 | 0 | _aPhilosophy, Classical. | |
| 650 | 0 | _aPhilosophy, Ancient. | |
| 650 | 0 |
_aPhilosophers, Ancient _xBiography |
|
| 700 | 1 | _aGarcía Blanco, José. | |
| 830 |
_aBiblioteca clásica Gredos ; _v17. |
||
| 938 |
_aBaker & Taylor _bBKTY _c48.95 _d48.95 _i8424935217 _n0006974774 _sactive |
||
| 938 |
_aYBP Library Services _bYANK _n2650381 |
||
| 942 |
_2lcc _cbk |
||
| 946 | _amjcruz | ||
| 994 |
_aC0 _bDRFGD |
||
| 999 |
_c90173 _d90173 |
||